00676nam a22001937a 450000500170000001000150001702000120003203500140004403700130005808200140007124500880008526000320017327000530020530000200025849000130027894200260029199900190031795201460033620240102111529.0 aENG-138016 c1850.00 aEN-121548 bDBAD/PUB a578.09541 aBioluminescene:bAnnual Biological communication/cEdited by Hemen Chandra Majumdar aAssambEBH Publishersc2021 a136, M.L. Nehru Road, PanbazarbGuwahatie781001 a379Pc25cm(pbk) vVolume 1 2ddccENh510.934mNEW c198212d198212 00103Volume 140718NFICaAVbAVd2023-09-15eDBAD/PUBg1850.00l0o510.934 NEWpEN-121548r2023-09-15 00:00:00t1v1850.00w2023-09-15yEN